000
00294nam a22001337a 4500
008
170207b xxu||||| |||| 00| 0 eng d
020
_a
9780766805040
041
_a
eng
080
_2
6ED
_a
61
100
_a
4
101
_a
SHM
245
_a
DOSAGE CALCULATIONS
_c
GLORIA PICKAR
942
_2
udc
_c
BK
999
_c
4806
_d
4806